| 000 | 00490nam a2200157 a 4500 | ||
|---|---|---|---|
| 008 | 120416s2003 ||||||||||||||||| || u | ||
| 020 | _a1903684366 | ||
| 050 | _aHJ 9105 Reu | ||
| 100 | _aReuters | ||
| 245 | 1 | 0 | _aReuters financial glossary. -2nd ed. |
| 250 | _a2nd ed. | ||
| 260 |
_aLondon _bPearson _c2003 |
||
| 300 | _a213p. : ill. | ||
| 350 | _a0.00 | ||
| 995 |
_D0.00 _FCBU-MAIN LIBRARY (Kitwe) _H1 _I19.50 _M1 _UREFERENCE _ZReference Collection |
||
| 999 |
_c56454 _d56454 |
||